[Event "British Chess Championships 2023: British Championship"]
[Site "The Venue, De Montfort University, 20 Western Boulevard, Leicester, LE2 7BU"]
[Date "2023.07.26"]
[Round "5"]
[Board "5"]
[White "Wadsworth, Matthew J"]
[Black "Yao, Lan"]
[Result "1-0"]
[WhiteElo "2431"]
[BlackElo "2242"]
[PlyCount "0"]
[EventDate "2023.07.22"]
[EventRounds "9"]
[EventCountry "ENG"]

1. d4 Nf6 2. c4 e6 3. Nf3 d5 4. g3 dxc4 5. Bg2 a6 6. Ne5 Bb4+ 7. Nc3 Nd5 8. O-O O-O
9. Ne4 b5 10. b3 c3 11. Qc2 f6 12. Nd3 Nc6 13. e3 Ba5 14. a3 b4 15. axb4 Bxb4 16.
Ba3 Rb8 17. Nxb4 Ncxb4 18. Bxb4 Rxb4 19. Nxc3 Nxc3 20. Qxc3 Qd6 21. Rfc1 Rf7 22.
Ra4 Rb6 23. Rc4 Bb7 24. Bxb7 Rxb7 25. Rc6 Qd5 26. Rxa6 Rxb3 27. Qc6 Qxc6 28. Rcxc6
Rd7 29. Rxe6 Kf7 30. Rec6 Rb7 31. Kg2 Rd5 32. Ra8 Rd6 33. Rc5 Rd7 34. Rc8 Ke6 35.
h4 Kd6 36. h5 h6 37. g4 Rb2 38. Kg3 Ra2 39. Re8 c6 40. Rc8 Ra6 41. Kf4 Rb7 42. Kf5
Rb2 43. f4 Rb3 44. e4 Rb4 45. e5+ fxe5 46. fxe5+ Ke7 47. Rc7+ Kf8 48. Rd7 Rb1 49.
Kg6 Rg1 50. Rf7+ Ke8 51. Rf4 Ra7 52. Rxc6 Re7 53. e6 Kd8 54. d5 Rg2 55. Rb4 Ra7 56.
d6 Ra8 57. Rf4 Ke8 58. Rc8+ Rxc8 59. d7+ Kd8 60. Rf8+  1-0

[Event "British Chess Championships 2023: British Championship"]
[Site "The Venue, De Montfort University, 20 Western Boulevard, Leicester, LE2 7BU"]
[Date "2023.07.26"]
[Round "5"]
[Board "6"]
[White "Eggleston, David J"]
[Black "Pert, Richard G"]
[Result "0-1"]
[WhiteElo "2358"]
[BlackElo "2421"]
[PlyCount "0"]
[EventDate "2023.07.22"]
[EventRounds "9"]
[EventCountry "ENG"]

1. e4 g6 2. d4 Bg7 3. Nf3 c6 4. c4 d6 5. h3 Nd7 6. Nc3 e5 7. d5 c5 8. Be3 a6 9. Be2
Bh6 10. Qd2 Bxe3 11. Qxe3 Qe7 12. g4 h6 13. Nd2 b6 14. h4 Ndf6 15. Qg3 Qd7 16. g5
hxg5 17. Qxg5 Nh5 18. Bxh5 Rxh5 19. Qg3 Qg4 20. Qxg4 Bxg4 21. f3 Bd7 22. O-O-O Nf6
23. Rdf1 Ke7 24. f4 Ng4 25. Nf3 exf4 26. Ne2 Ne3 27. Nxf4 Nxf1 28. Rxf1 Rh6 29. e5
Bf5 30. exd6+ Kxd6 31. Ng5 Ra7 32. h5 Re7 33. hxg6 fxg6 34. Rf2 Rh1+ 35. Kd2 Rb1
36. Nd3 b5 37. b3 Ra1 38. Nc1 bxc4 39. bxc4 Rb7 40. Ne2 Rxa2+ 41. Ke3 Re7+ 42. Kf3
Raxe2 43. Rxe2 Bg4+ 44. Kxg4 Rxe2 45. Kf3 Re7 46. Ne4+ Rxe4 47. Kxe4 a5  0-1

[Event "British Chess Championships 2023: British Championship"]
[Site "The Venue, De Montfort University, 20 Western Boulevard, Leicester, LE2 7BU"]
[Date "2023.07.26"]
[Round "5"]
[Board "7"]
[White "Rudd, Jack"]
[Black "Pert, Nicholas"]
[Result "0-1"]
[WhiteElo "2276"]
[BlackElo "2536"]
[PlyCount "0"]
[EventDate "2023.07.22"]
[EventRounds "9"]
[EventCountry "ENG"]

1. d4 d5 2. c4 e6 3. Nc3 c5 4. Nf3 Nf6 5. e3 a6 6. a3 dxc4 7. Bxc4 b5 8. Ba2 Bb7
9. O-O Be7 10. dxc5 Qxd1 11. Rxd1 Bxc5 12. b4 Be7 13. Bb2 Nbd7 14. Rac1 Rc8 15. Ne2
O-O 16. Nf4 Rxc1 17. Rxc1 Rc8 18. Rxc8+ Bxc8 19. Bd4 Bb7 20. Nd3 Kf8 21. Nfe5 Nxe5
22. Nxe5 Bd6 23. f3 Ke7 24. Kf2 g6 25. h3 Nd7 26. Nd3 e5 27. Bc3 e4 28. Nf4 Nb6 29.
Bd4 Nc4 30. Bxc4 bxc4 31. Ne2 exf3 32. gxf3 Ke6 33. Bc3 f5 34. f4 Be7 35. Nd4+ Kd5
36. Nf3 Bc6 37. Ke2 Be8 38. Bd4 h6 39. Bg7 g5 40. Bxh6 Bh5 41. Bxg5 Bxg5 42. fxg5
Ke4 43. g6 Bxf3+ 44. Kd2 c3+ 45. Kxc3 Kxe3 46. a4 f4 47. b5 axb5 48. a5 Bd5 49. a6
f3 50. g7 f2 51. a7 f1=Q 52. g8=Q Qc4+ 53. Kb2 Qa2+ 54. Kc3 Qd2#  0-1

[Event "British Chess Championships 2023: British Championship"]
[Site "The Venue, De Montfort University, 20 Western Boulevard, Leicester, LE2 7BU"]
[Date "2023.07.26"]
[Round "5"]
[Board "8"]
[White "Khandelwal, Ankush"]
[Black "Han, Yichen"]
[Result "0-1"]
[WhiteElo "2276"]
[BlackElo "2413"]
[PlyCount "0"]
[EventDate "2023.07.22"]
[EventRounds "9"]
[EventCountry "ENG"]

1. e4 e5 2. Nf3 Nc6 3. Bb5 a6 4. Ba4 Nf6 5. O-O Nxe4 6. Re1 Nc5 7. Bxc6 dxc6 8. Nxe5
Be7 9. d4 Ne6 10. Be3 O-O 11. Nc3 Bf6 12. Nf3 Re8 13. Ne4 Be7 14. c4 Nf8 15. Qb3
b6 16. Ne5 Bb7 17. Rad1 Ng6 18. Nxg6 hxg6 19. Bf4 Bc8 20. d5 c5 21. Qg3 Bh4 22. Qf3
Bf5 23. g3 Be7 24. Be5 Bd6 25. Bc3 Qd7 26. h4 Bxe4 27. Rxe4 Rxe4 28. Qxe4 Re8 29.
Qf3 Qa4 30. h5 gxh5 31. Qxh5 Qxc4 32. Qg5 Bf8 33. a3 b5 34. Rc1 Qd3 35. Ba5 f6 36.
Qh5 Re5 37. Qg4 Qxd5 38. Bxc7 Rh5 39. f3 c4 40. Bf4 Qd4+ 41. Kf1 Qd3+ 42. Ke1 Rh1+
43. Kf2 Rh2+ 44. Kg1 Qe2  0-1

[Event "British Chess Championships 2023: British Championship"]
[Site "The Venue, De Montfort University, 20 Western Boulevard, Leicester, LE2 7BU"]
[Date "2023.07.26"]
[Round "5"]
[Board "9"]
[White "Turner, Max N"]
[Black "Chopra, Tanmay"]
[Result "1-0"]
[WhiteElo "2252"]
[BlackElo "2377"]
[PlyCount "0"]
[EventDate "2023.07.22"]
[EventRounds "9"]
[EventCountry "ENG"]

1. d4 Nf6 2. c4 e6 3. Nf3 d5 4. g3 dxc4 5. Bg2 a6 6. O-O Nc6 7. e3 Bd7 8. Qe2 Bd6
9. Qxc4 O-O 10. Rd1 Qe7 11. Nc3 h6 12. Nd2 e5 13. Nde4 Nxe4 14. Nxe4 Rad8 15. Nxd6
Qxd6 16. d5 Ne7 17. Bd2 Bb5 18. Qb3 c5 19. a4 Be2 20. Re1 Bh5 21. e4 b6 22. f4 f6
23. Rf1 Bf7 24. Qe3 Nc6 25. Bc3 Nd4 26. Bxd4 cxd4 27. Qa3 Rfe8 28. Qxd6 Rxd6 29.
Rac1 Bh5 30. Rf2 Bg4 31. f5 Red8 32. Bf1 a5 33. h3 Bh5 34. Bb5 Be8 35. Rfc2 Bd7 36.
Kf2 Kf8 37. g4 Ke8 38. Ke2 Bxb5+ 39. axb5 Ke7 40. Kd3 R8d7 41. Rc4 Rd8 42. Ra1 R8d7
43. Rc6 Ra7 44. Kc4 Kd7 45. Ra4 Ra8 46. b4 Ra7 47. bxa5 Rxa5 48. Rxa5 bxa5 49. Ra6
Kc7 50. Rxa5 Kb7 51. Kc5 Rd8 52. Ra2 Rc8+ 53. Kd6 d3 54. Rd2 Rc4 55. Rxd3  1-0

[Event "British Chess Championships 2023: British Championship"]
[Site "The Venue, De Montfort University, 20 Western Boulevard, Leicester, LE2 7BU"]
[Date "2023.07.26"]
[Round "5"]
[Board "10"]
[White "Toma, Katarzyna"]
[Black "Kanyamarala, Tarun"]
[Result "1/2-1/2"]
[WhiteElo "2259"]
[BlackElo "2344"]
[PlyCount "0"]
[EventDate "2023.07.22"]
[EventRounds "9"]
[EventCountry "ENG"]

1. e4 c5 2. Nc3 e6 3. Nf3 a6 4. d4 cxd4 5. Nxd4 b5 6. Bd3 Bb7 7. O-O Nc6 8. Nb3 Nf6
9. Qe2 Nb4 10. e5 Nxd3 11. cxd3 Nd5 12. Ne4 Be7 13. Bd2 O-O 14. Na5 Rb8 15. Nxb7
Rxb7 16. Rac1 f5 17. exf6 Bxf6 18. Rc2 Rb8 19. Rfc1 Bd4 20. g3 Qb6 21. b4 Ne7 22.
Bf4 e5 23. Nc5 Qd6 24. Re1 Nc6 25. Be3 Nxb4 26. Ne4 Qd5 27. Rd2 Rbc8 28. Bxd4 Qxd4
29. Ng5 Rce8 30. Qe4 g6 31. Qxd4 exd4 32. Ne4 Rc8 33. Rb1 Nd5 34. Rbb2 Rc1+ 35. Kg2
Rfc8 36. Re2 Nc3 37. Rec2 Rd1 38. Rd2 Re1 39. Rb4 Nxe4 40. dxe4 Rxe4 41. Rbxd4 Rxd4
42. Rxd4 Rc2 43. a4 Rc4 44. Rxd7 Rxa4 45. Rb7 b4 46. Kh3 a5 47. f4 Ra2 48. g4 h6
49. Kg3 Rc2 50. Rb5 Ra2 51. Kf3 Kf7 52. Ke4 Re2+ 53. Kd5 Rxh2 54. Rxa5 Rg2 55. Ra7+
Ke8 56. Ke6 Kd8 57. f5 gxf5 58. gxf5 b3 59. Rb7 b2 60. f6 Re2+ 61. Kf5 Kc8 62. Rb3
Kd7 63. Kg6 Rg2+ 64. Kxh6 Ke6 65. Rb6+ Kf7 66. Kh5 Rg1 67. Rxb2  1/2-1/2

[Event "British Chess Championships 2023: British Championship"]
[Site "The Venue, De Montfort University, 20 Western Boulevard, Leicester, LE2 7BU"]
[Date "2023.07.26"]
[Round "5"]
[Board "11"]
[White "Volovich, Julia"]
[Black "Balaji, Aaravamudhan"]
[Result "1/2-1/2"]
[WhiteElo "1811"]
[BlackElo "2334"]
[PlyCount "0"]
[EventDate "2023.07.22"]
[EventRounds "9"]
[EventCountry "ENG"]

1. d4 d6 2. e4 g6 3. Bc4 Bg7 4. Nf3 Nf6 5. Qe2 Nc6 6. h3 e5 7. dxe5 Nxe5 8. Nxe5
dxe5 9. O-O Nh5 10. Rd1 Qf6 11. Nc3 c6 12. Be3 Nf4 13. Bxf4 exf4 14. e5 Qxe5 15.
Re1 Qxe2 16. Rxe2+ Kf8 17. Rae1 Bf5 18. Bb3 Bf6 19. Ne4 Bxe4 20. Rxe4 g5 21. g3 fxg3
22. fxg3 Kg7 23. c3 a5 24. Rd1 Rhd8 25. Ree1 Rxd1 26. Rxd1 a4 27. Bc2 Be5 28. Rd7
b5 29. Kg2 h5 30. Be4 Rc8 31. Ra7 g4 32. hxg4 hxg4 33. Bf5 Rd8 34. Rd7 Re8 35. Bxg4
a3 36. bxa3 Bxc3 37. Rc7 Re3 38. Rxc6 Be1 39. Bf3 Rxa3 40. Rc2 Kf6 41. Re2 Ba5 42.
Bd5 Kg6 43. Bb3 Bc3 44. Re7 f6 45. Rb7 b4 46. Kf3 Ra5 47. Bc2+ f5 48. g4 Rxa2 49.
Bxf5+ Kg5  1/2-1/2

[Event "British Chess Championships 2023: British Championship"]
[Site "The Venue, De Montfort University, 20 Western Boulevard, Leicester, LE2 7BU"]
[Date "2023.07.26"]
[Round "5"]
[Board "12"]
[White "Claridge-Hansen, William"]
[Black "Merriman, John"]
[Result "1-0"]
[WhiteElo "2332"]
[BlackElo "2274"]
[PlyCount "0"]
[EventDate "2023.07.22"]
[EventRounds "9"]
[EventCountry "ENG"]

1. c4 e6 2. g3 Nf6 3. Bg2 d5 4. Nf3 Be7 5. d4 O-O 6. Nc3 c6 7. O-O b6 8. b3 Bb7 9.
Ne5 a5 10. Bb2 Na6 11. e4 Rc8 12. Rc1 Re8 13. a3 Bf8 14. Re1 g6 15. Qd3 dxc4 16.
bxc4 Bg7 17. f4 c5 18. d5 Nd7 19. Nb5 exd5 20. exd5 Nf8 21. Qc2 Nb8 22. Bh3 f5 23.
Bg2 Bf6 24. Rcd1 Ba6 25. d6 Bxb5 26. cxb5 Kg7 27. Qc4 Re6 28. Bb7  1-0

[Event "British Chess Championships 2023: British Championship"]
[Site "The Venue, De Montfort University, 20 Western Boulevard, Leicester, LE2 7BU"]
[Date "2023.07.26"]
[Round "5"]
[Board "13"]
[White "Ledger, Andrew J"]
[Black "Beaumont, Chris R"]
[Result "1-0"]
[WhiteElo "2299"]
[BlackElo "2262"]
[PlyCount "0"]
[EventDate "2023.07.22"]
[EventRounds "9"]
[EventCountry "ENG"]

1. d4 Nf6 2. c4 g6 3. Nf3 Bg7 4. g3 O-O 5. Bg2 d5 6. cxd5 Nxd5 7. O-O Nb6 8. Nc3
Nc6 9. e3 Re8 10. Nh4 e5 11. d5 Na5 12. Rb1 f5 13. e4 f4 14. b3 c6 15. Bd2 cxd5 16.
exd5 g5 17. Ne4 Nxd5 18. Nxg5 Nf6 19. Qc2  1-0

[Event "British Chess Championships 2023: British Championship"]
[Site "The Venue, De Montfort University, 20 Western Boulevard, Leicester, LE2 7BU"]
[Date "2023.07.26"]
[Round "5"]
[Board "14"]
[White "Villiers, Thomas"]
[Black "Pigott, John C"]
[Result "1/2-1/2"]
[WhiteElo "2140"]
[BlackElo "2347"]
[PlyCount "0"]
[EventDate "2023.07.22"]
[EventRounds "9"]
[EventCountry "ENG"]

1. e4 c5 2. Nf3 d6 3. d4 cxd4 4. Nxd4 Nf6 5. Nc3 a6 6. a4 e5 7. Nf3 Be7 8. Bg5 Be6
9. Bxf6 Bxf6 10. Nd5 Nd7 11. Bc4 Rc8 12. Qe2 O-O 13. O-O Bg5 14. Rfd1 Bh6 15. a5
g6 16. b4 Bxd5 17. Bxd5 Qc7 18. Ra3 Nf6 19. Rad3 Qxc2 20. Qxc2 Rxc2 21. Bxb7 Rb8
22. Rxd6 Rxb7 23. Rxf6 Rxb4 24. Rxa6 Rxe4 25. Ra8+ Kg7 26. Re8 Ra2 27. Rxe5  1/2-1/2

[Event "British Chess Championships 2023: British Championship"]
[Site "The Venue, De Montfort University, 20 Western Boulevard, Leicester, LE2 7BU"]
[Date "2023.07.26"]
[Round "5"]
[Board "15"]
[White "Stoica, Savas Marin"]
[Black "Kanyamarala, Trisha"]
[Result "1/2-1/2"]
[WhiteElo "2156"]
[BlackElo "2344"]
[PlyCount "0"]
[EventDate "2023.07.22"]
[EventRounds "9"]
[EventCountry "ENG"]

1. d4 Nf6 2. c4 e6 3. Nc3 Bb4 4. f3 c5 5. d5 b5 6. e4 d6 7. Bd2 a6 8. a4 bxc4 9.
Bxc4 Nbd7 10. dxe6 fxe6 11. Bxe6 Ne5 12. Bxc8 Rxc8 13. Bf4 Qe7 14. Nge2 c4 15. Bxe5
dxe5 16. O-O O-O 17. Qc2 Rfd8 18. Rad1 Rb8 19. Kh1 Qc5 20. Ng3 Ba5 21. Nd5 Nxd5 22.
exd5 Rxd5 23. Ne4 Rxd1 24. Rxd1 Qb4 25. Ng5 g6 26. h3 Rd8 27. Ne4 Rxd1+ 28. Qxd1
Qe1+ 29. Qxe1 Bxe1 30. Kg1 Kf8 31. Kf1 Bb4 32. Ke2 Ke7 33. g4 h6 34. Ke3 Ke6 35.
Nc3 Bc5+ 36. Ke4  1/2-1/2

[Event "British Chess Championships 2023: British Championship"]
[Site "The Venue, De Montfort University, 20 Western Boulevard, Leicester, LE2 7BU"]
[Date "2023.07.26"]
[Round "5"]
[Board "16"]
[White "Dong, Bao Nghia"]
[Black "Badacsonyi, Frankie"]
[Result "1-0"]
[WhiteElo "2327"]
[BlackElo "1966"]
[PlyCount "0"]
[EventDate "2023.07.22"]
[EventRounds "9"]
[EventCountry "ENG"]

1. d4 Nf6 2. c4 e6 3. g3 d5 4. Nf3 Bb4+ 5. Nc3 O-O 6. Bg2 b6 7. Bg5 Bb7 8. Ne5 Be7
9. O-O Nbd7 10. Qa4 Nxe5 11. dxe5 Ne4 12. Nxe4 Bxg5 13. Rfd1 Be7 14. Nc3 c6 15. cxd5
exd5 16. e4 b5 17. Qb3 d4 18. Ne2 c5 19. Qxb5 Rb8 20. Qa4 Qb6 21. Qd7 Rfe8 22. Nf4
Bf8 23. e6 fxe6 24. Bh3 Re7 25. Qa4 Kh8 26. Qc2 Qd6 27. Bg2 Rc7 28. b3 Rbc8 29. Qe2
e5 30. Nd5 Bxd5 31. exd5 Re8 32. Be4 Qf6 33. Rd3 Bd6 34. Rf3 Qe7 35. Rd1 Rf8 36.
Rdd3 Rcc8 37. h4 g6 38. h5 gxh5 39. Rxf8+ Rxf8 40. Qxh5 Qf7 41. Qe2 Qg7 42. Kg2 Rf6
43. Rd1 Qg5 44. Rh1 h6 45. Rh5 Qg7 46. g4 Rf4 47. f3 Kg8 48. Kh3 Be7 49. Qa6 Bg5
50. d6 Qf8 51. Qc4+ Kg7 52. Qd5 Rf6 53. d7 Rd6 54. Qxe5+ Qf6 55. Qxf6+ Bxf6 56. Bd3
Bg5 57. Kg3 Rxd7 58. f4 Be7 59. g5 hxg5 60. fxg5 Bd6+ 61. Kg4 Re7 62. Rh7+ Kf8 63.
Rh8+ Kg7 64. Rh6 Bb8 65. Rg6+ Kf8 66. Rh6 Be5 67. Kf5 Bg3 68. Bc4 Be5 69. Rg6 Rg7
70. Re6 Bc7 71. Rf6+ Ke7 72. g6 Kd7 73. Bb5+ Ke7 74. Re6+  1-0

[Event "British Chess Championships 2023: British Championship"]
[Site "The Venue, De Montfort University, 20 Western Boulevard, Leicester, LE2 7BU"]
[Date "2023.07.26"]
[Round "5"]
[Board "17"]
[White "Mihalik, Agoston"]
[Black "Bates, Richard A"]
[Result "0-1"]
[WhiteElo "2136"]
[BlackElo "2324"]
[PlyCount "0"]
[EventDate "2023.07.22"]
[EventRounds "9"]
[EventCountry "ENG"]

1. e4 c5 2. Nf3 d6 3. Bb5+ Bd7 4. Bxd7+ Nxd7 5. O-O Ngf6 6. Qe2 e6 7. c4 Ne5 8. b3
Be7 9. Bb2 Nxf3+ 10. Qxf3 O-O 11. d4 cxd4 12. Bxd4 Qa5 13. Bc3 Qc5 14. Rd1 Rac8 15.
Bd4 Qa5 16. Bc3 Qc7 17. Nd2 a6 18. Rac1 Rfd8 19. Qe2 Qc5 20. a4 Qg5 21. g3 Qg4 22.
Qxg4 Nxg4 23. Nf3 Nf6 24. Re1 Nd7 25. a5 Nc5 26. Rb1 Bf8 27. e5 d5 28. Nd2 dxc4 29.
Nxc4 Nxb3 30. Rxb3 Rxc4 31. Reb1 Rd3 32. Be1 Rxb3 33. Rxb3 Rc7 34. Kg2 h5 35. h3
Kh7 36. g4 hxg4 37. hxg4 g5 38. Kg3 Bg7 39. f4 gxf4+ 40. Kxf4 Kg6 41. Bc3 Rc4+ 42.
Kf3 Ra4 43. Kg3 Re4 44. Kf3 Rc4 45. Ra3 Bh6 46. Rb3 Rf4+ 47. Kg3 Re4 48. Bb2 Bd2
49. Rxb7 Bxa5 50. Ra7 Rb4 51. Bc1 Rb6 52. Kf3 Bc3 53. Bf4 a5 54. Ra8 Rb5 55. Ke4
Rb4+ 56. Kf3 Rb1 57. Rg8+ Kh7 58. Rc8 Rf1+ 59. Ke4 Re1+ 60. Kf3 Bxe5 61. Bd2 Rf1+
62. Ke4 Bd6 63. Bxa5 Rf4+ 64. Kd3 Rxg4 65. Bc3 Kg6 66. Rd8 Be7 67. Re8 Bg5 68. Rg8+
Kf5 69. Rf8 f6 70. Ke2 Rg2+ 71. Kf3 Ra2 72. Bb4 e5  0-1

[Event "British Chess Championships 2023: British Championship"]
[Site "The Venue, De Montfort University, 20 Western Boulevard, Leicester, LE2 7BU"]
[Date "2023.07.26"]
[Round "5"]
[Board "18"]
[White "Saunders, Aron"]
[Black "Ashton, Adam G"]
[Result "0-1"]
[WhiteElo "2113"]
[BlackElo "2314"]
[PlyCount "0"]
[EventDate "2023.07.22"]
[EventRounds "9"]
[EventCountry "ENG"]

1. e4 e5 2. Nf3 Nc6 3. Bc4 Nf6 4. d3 h6 5. c3 d6 6. O-O g5 7. Bb3 Bg7 8. a4 a5 9.
Re1 Qe7 10. Na3 Be6 11. Bxe6 fxe6 12. Nc4 O-O 13. Ne3 Qf7 14. Qe2 Nh5 15. Ng4 Qg6
16. Be3 Rf7 17. Nd2 Raf8 18. f3 d5 19. Nf1 d4 20. Bd2 Nf4 21. Bxf4 exf4 22. c4 h5
23. Nf2 Ne5 24. Nd2 g4 25. Kh1 c5 26. Ra3 Bf6 27. Rb3 Bh4 28. Rf1 Rg7 29. Nd1 Qg5
30. Rg1 Bg3 31. Qf1 Bxh2  0-1

[Event "British Chess Championships 2023: British Championship"]
[Site "The Venue, De Montfort University, 20 Western Boulevard, Leicester, LE2 7BU"]
[Date "2023.07.26"]
[Round "5"]
[Board "19"]
[White "Pollack, Oscar"]
[Black "Jones, Steven A"]
[Result "0-1"]
[WhiteElo "2096"]
[BlackElo "2175"]
[PlyCount "0"]
[EventDate "2023.07.22"]
[EventRounds "9"]
[EventCountry "ENG"]

1. e4 e5 2. Nf3 Nc6 3. d4 exd4 4. Nxd4 Nf6 5. Nxc6 bxc6 6. e5 Qe7 7. Qe2 Nd5 8. c4
Ba6 9. b3 g5 10. g3 Bg7 11. Bb2 O-O-O 12. Bg2 Rde8 13. O-O Bxe5 14. Qxe5 Qxe5 15.
Bxe5 Rxe5 16. cxd5 Bxf1 17. Kxf1 cxd5 18. Nd2 g4 19. b4 c6 20. Rc1 Kc7 21. Nb3 Rb8
22. Nc5 Kd6 23. Nd3 Re4 24. Bxe4 dxe4 25. Nb2 Rxb4 26. Nc4+ Ke6 27. Ne3 h5 28. Rc5
Rb1+ 29. Kg2 Rb5 30. Rc4 f5 31. Ra4 a5 32. Nc4 Rb4 33. Rxb4 axb4 34. Kf1 d5 35. Na5
c5 36. Nb3 Kd6 37. Ke2 d4 38. Nc1 c4 39. Kd1 d3 40. Kd2 Kd5 41. Ke3 Kc5 42. Kd2 Kd4
 0-1

[Event "British Chess Championships 2023: British Championship"]
[Site "The Venue, De Montfort University, 20 Western Boulevard, Leicester, LE2 7BU"]
[Date "2023.07.26"]
[Round "5"]
[Board "20"]
[White "Jackson, Edward"]
[Black "Boswell, Jacob Connor"]
[Result "0-1"]
[WhiteElo "1942"]
[BlackElo "2163"]
[PlyCount "0"]
[EventDate "2023.07.22"]
[EventRounds "9"]
[EventCountry "ENG"]

1. e4 c5 2. c3 Nf6 3. e5 Nd5 4. Nf3 d6 5. d4 Nc6 6. Bc4 Nb6 7. Bb5 Bd7 8. exd6 exd6
9. O-O Be7 10. Re1 O-O 11. Bf4 Re8 12. Nbd2 Nxd4 13. Nxd4 cxd4 14. Bxd7 Qxd7 15.
cxd4 Qf5 16. Bg3 Bf6 17. Qf3 Qa5 18. Red1 d5 19. Qd3 Qb4 20. Nf3 Qxb2 21. a4 Qe2
22. Qb1 Qa6 23. Be5 Be7 24. Qb3 Nc4 25. Rdb1 b6 26. h3 Qc8 27. Re1 Qd7 28. Qd3 a6
29. Bg3 f6 30. Nh4 b5 31. axb5 axb5 32. Rab1 b4 33. Nf5 Bf8 34. Qf3 g6 35. Ne3 Nd2
36. Qxd5+ Qxd5 37. Nxd5 Nxb1 38. Nxf6+ Kf7 39. Nxe8 Nc3 40. Nd6+ Bxd6 41. Bxd6 b3
42. Bb4 Nd5 43. Rb1 Nxb4 44. Rxb3 Rb8 45. f4 Ke6 46. Kf2 Nc6 47. Rxb8 Nxb8 48. Kf3
h6 49. d5+ Kxd5 50. Kg4 Nd7 51. h4 Ke4 52. h5 Nf6 53. Kh4 gxh5 54. g3 Kf3 55. f5
Ke4  0-1

[Event "British Chess Championships 2023: British Championship"]
[Site "The Venue, De Montfort University, 20 Western Boulevard, Leicester, LE2 7BU"]
[Date "2023.07.26"]
[Round "5"]
[Board "21"]
[White "Kolbus, Dietmar"]
[Black "Smith, Olivia"]
[Result "0-1"]
[WhiteElo "2270"]
[BlackElo "2042"]
[PlyCount "0"]
[EventDate "2023.07.22"]
[EventRounds "9"]
[EventCountry "ENG"]

1. c4 Nf6 2. Nc3 g6 3. g3 Bg7 4. Bg2 O-O 5. d4 d6 6. Nf3 Nc6 7. O-O e5 8. d5 Ne7
9. Nd2 a5 10. Re1 h6 11. Nf1 Nh7 12. e4 Ng5 13. Qe2 f5 14. Bxg5 hxg5 15. f3 Bf6 16.
g4 Kg7 17. Ne3 Rh8 18. h3 Rh4 19. Ned1 c6 20. Nf2 b5 21. cxb5 cxd5 22. exd5 Bb7 23.
Rad1 Rc8 24. Rd2 Rc5 25. Red1 Qa8 26. Na4 Rc7 27. b3 Rh8 28. b6 Rcc8 29. Qb5 Rhd8
30. Bf1 Kf7 31. Bc4 Kg7 32. Kg2 Rh8 33. Be2 Rhd8 34. Bc4 Rh8 35. b4 axb4 36. Qxb4
Rhd8 37. a3 Kf7 38. Bb5 Kg7 39. Rd3 Nxd5 40. Rxd5 Bxd5 41. Rd3 e4 42. fxe4 fxe4 43.
Re3 Rc2 44. Kg1 Be5 45. Nxe4 Rf8 46. Bd3 Rc1+ 47. Kg2 Qc8 48. Re2 Rff1 49. Rf2 Rg1+
50. Kf3 Rce1  0-1

[Event "British Chess Championships 2023: British Championship"]
[Site "The Venue, De Montfort University, 20 Western Boulevard, Leicester, LE2 7BU"]
[Date "2023.07.26"]
[Round "5"]
[Board "22"]
[White "Ismail, Mohammed Aayan"]
[Black "Alldritt, Nigel Re"]
[Result "1-0"]
[WhiteElo "2169"]
[BlackElo "1962"]
[PlyCount "0"]
[EventDate "2023.07.22"]
[EventRounds "9"]
[EventCountry "ENG"]

1. c4 e5 2. Nc3 Bb4 3. g3 Bxc3 4. bxc3 d6 5. Bg2 Nc6 6. d3 Nge7 7. f4 O-O 8. Nf3
h6 9. O-O Be6 10. fxe5 dxe5 11. Rb1 Rb8 12. Ba3 f5 13. Ne1 Rf7 14. Qa4 Bd7 15. Bxe7
Rxe7 16. Bd5+ Kh8 17. Ng2 g6 18. Bxc6 Bxc6 19. Qxa7 Ra8 20. Qe3 Rxa2 21. Qxh6+ Rh7
22. Qe3 Qd6 23. Ra1 Rxa1 24. Rxa1 b6 25. d4 Re7 26. d5 Bb7 27. Ra7 Bc8 28. Ra8 Re8
29. Qh6+ Kg8 30. Nh4 Bd7 31. Ra1 Qc5+ 32. e3  1-0

[Event "British Chess Championships 2023: British Championship"]
[Site "The Venue, De Montfort University, 20 Western Boulevard, Leicester, LE2 7BU"]
[Date "2023.07.26"]
[Round "5"]
[Board "23"]
[White "Unnikrishnan, Midhun P"]
[Black "Starley, Robert"]
[Result "1-0"]
[WhiteElo "2168"]
[BlackElo "2064"]
[PlyCount "0"]
[EventDate "2023.07.22"]
[EventRounds "9"]
[EventCountry "ENG"]

1. Nf3 d5 2. g3 c5 3. Bg2 Nc6 4. d4 cxd4 5. Nxd4 Nf6 6. O-O Qb6 7. Nb3 e6 8. Nc3
Be7 9. Be3 Qd8 10. a4 O-O 11. a5 Bb4 12. Nb5 Nxa5 13. Nxa5 Bxa5 14. Bc5 Re8 15. Nd6
Bb6 16. Ba3 Re7 17. Nxc8 Rxc8 18. Bxe7 Qxe7 19. c3 h5 20. Ra4 Qc5 21. e4 Nxe4 22.
Bxe4 dxe4 23. Rxe4 g6 24. Rd4 Qb5 25. Rd2 Qg5 26. Rd7 Qb5 27. h4 Kg7 28. Qd3 Qc6
29. Re1 Rc7 30. Rxc7 Qxc7 31. Re4 Qc6 32. b4 a5 33. bxa5 Bxa5 34. Rc4 Qb6 35. Rc8
Kf6 36. Qe4 Qa7 37. Qf4+ Ke7 38. Qg5+ Kd7 39. Rf8 Kd6 40. Rxf7 Bxc3 41. Qd8+ Kc5
42. Rc7+ Kb4 43. Qe7+ Ka4 44. Rxc3 Qd4 45. Qa3+ Kb5 46. Rb3+ Kc6 47. Qc1+ Kd6 48.
Rxb7  1-0

[Event "British Chess Championships 2023: British Championship"]
[Site "The Venue, De Montfort University, 20 Western Boulevard, Leicester, LE2 7BU"]
[Date "2023.07.26"]
[Round "5"]
[Board "24"]
[White "Chan, Sheng Liang Bernard"]
[Black "Szekely, Virgil"]
[Result "1/2-1/2"]
[WhiteElo "2078"]
[BlackElo "1957"]
[PlyCount "0"]
[EventDate "2023.07.22"]
[EventRounds "9"]
[EventCountry "ENG"]

1. c4 e6 2. g3 d5 3. Bg2 Nf6 4. Nf3 dxc4 5. Qa4+ Bd7 6. Qxc4 c5 7. Ne5 Nc6 8. Nxc6
Bxc6 9. Bxc6+ bxc6 10. Nc3 Nd5 11. Qa4 Qd7 12. a3 Nb6 13. Qc2 c4 14. O-O h5 15. h4
Be7 16. d3 cxd3 17. Qxd3 Qxd3 18. exd3 O-O-O 19. Rd1 Rd7 20. Kf1 e5 21. Be3 f5 22.
a4 f4 23. a5 Na8 24. gxf4 exf4 25. Bxf4 Bxh4 26. Ne4 Nc7 27. Rac1 Nd5 28. Rxc6+ Kd8
29. Bg5+ Bxg5 30. Nxg5 Re8 31. Ne6+ Ke7 32. Nxg7 Rh8 33. Nf5+ Kf7 34. Rd6 Rxd6 35.
Nxd6+ Ke6 36. Nc4 Nf4 37. Ne3 h4 38. Ng2 Nd5 39. Kg1 h3 40. Ne3 h2+ 41. Kh1 Nf4 42.
Rd2 Ng6 43. Nf1 Ne5 44. f4 Ng6 45. Rf2 Rf8 46. f5+ Rxf5 47. Rxf5 Kxf5 48. b4 Ke5
49. b5 Kd5 50. d4 Ne7 51. Ne3+ Kxd4 52. b6 axb6 53. Nf5+ Kc5 54. axb6 Kxb6 55. Nxe7
Kc5 56. Kxh2  1/2-1/2